[Event "Romulus op"]
[Site "Romulus"]
[Date "2002.06.23"]
[Round "5"]
[White "Herndon, Robert"]
[Black "Gadson, Joseph"]
[Result "0-1"]
[WhiteElo "1868"]
[BlackElo "1730"]
[PlyCount "66"]
[EventDate "2002.06.21"]
[EventType "swiss"]
[EventRounds "5"]
[EventCountry "USA"]
[SourceTitle "EXT 2008"]
[Source "ChessBase"]
[SourceDate "2007.11.25"]
[SourceVersion "1"]
[SourceVersionDate "2007.11.25"]
[SourceQuality "1"]

1. e4 e5 2. Nf3 Nc6 3. Bb5 Nf6 4. Bxc6 dxc6 5. 0-0 Bg4 6. d3 Bc5 7. Nbd2 Qe7 8. Re1 Rd8 9. Qe2 0-0 10. Nf1 h6 11. h3 Bh5 12. Ng3 Bg6 13. Nh4 Ne8 14. Nhf5 Qd7 15. Qf3 Nd6 16. Bd2 Nb5 17. Be3 Bd4 18. Rab1 c5 19. Qg4 Nd6 20. h4 h5 21. Qg5 Kh7 22. Nxg7 Bxe3 23. Rxe3 f6 24. Qxh5+ Bxh5 25. N3xh5 f5 26. Rg3 Rf7 27. Re1 f4 28. Rg5 Rg8 29. Nf5 Rxg5 30. hxg5 Nxf5 31. exf5 Qxf5 32. Nf6+ Rxf6 33. gxf6 Qxf6 0-1

[Event "Romulus op"]
[Site "Romulus"]
[Date "2000.09.03"]
[Round "4"]
[White "Herndon, Robert"]
[Black "Finegold, Mark"]
[Result "1/2-1/2"]
[WhiteElo "1811"]
[BlackElo "2266"]
[PlyCount "71"]
[EventDate "2000.09.01"]
[EventType "swiss"]
[EventRounds "7"]
[EventCountry "USA"]
[SourceTitle "EXT 2007"]
[Source "ChessBase"]
[SourceDate "2006.11.23"]
[SourceVersion "1"]
[SourceVersionDate "2006.11.23"]
[SourceQuality "1"]

1. e4 c5 2. Nf3 Nc6 3. d4 cxd4 4. Nxd4 Nf6 5. Nc3 e6 6. Ndb5 d6 7. Bf4 e5 8. Bg5 a6 9. Bxf6 gxf6 10. Na3 f5 11. exf5 Bxf5 12. Bd3 Be6 13. Bc4 Qh4 14. Bd5 0-0-0 15. Nc4 Nb4 16. Ne3 Bh6 17. g3 Qd4 18. Bxe6+ fxe6 19. Qxd4 exd4 20. a3 Nc6 21. Ng4 Bg7 22. Ne4 h5 23. Ngf6 d5 24. Ng5 Bxf6 25. Nf7 Rh7 26. Nxd8 Kxd8 27. f4 Na5 28. 0-0-0 Nc4 29. Rde1 Kd7 30. Rhg1 Kd6 31. Rg2 b5 32. Rge2 e5 33. fxe5+ Nxe5 34. Rf1 Bg5+ 35. Kb1 Nc4 36. Rf8 1/2-1/2

[Event "Romulus op"]
[Site "Romulus"]
[Date "2000.09.02"]
[Round "3"]
[White "Herndon, Robert"]
[Black "Aldrich, Jeff"]
[Result "1/2-1/2"]
[WhiteElo "1811"]
[BlackElo "1949"]
[PlyCount "82"]
[EventDate "2000.09.01"]
[EventType "swiss"]
[EventRounds "7"]
[EventCountry "USA"]
[SourceTitle "EXT 2007"]
[Source "ChessBase"]
[SourceDate "2006.11.23"]
[SourceVersion "1"]
[SourceVersionDate "2006.11.23"]
[SourceQuality "1"]

1. e4 c6 2. d4 d5 3. exd5 cxd5 4. Bd3 Nc6 5. c3 Qc7 6. Ne2 e6 7. Bf4 Bd6 8. Bxd6 Qxd6 9. 0-0 Nf6 10. Nd2 e5 11. dxe5 Nxe5 12. Bb5+ Bd7 13. Bxd7+ Qxd7 14. Nd4 0-0 15. N2f3 Ng6 16. Qc2 Rfc8 17. Qf5 Qc7 18. Rfe1 a6 19. Rad1 b5 20. a3 Qb7 21. Ne5 a5 22. Nc2 Re8 23. Ng4 Nxg4 24. Qxg4 Red8 25. Re3 Qd7 26. Qxd7 Rxd7 27. g3 Rb8 28. Rde1 Kf8 29. f4 f6 30. Re6 Ne7 31. Ra6 b4 32. axb4 axb4 33. Nxb4 d4 34. Rc1 Rc7 35. Nd3 Rbc8 36. c4 Rxc4 37. Rxc4 Rxc4 38. Ra8+ Kf7 39. Rd8 Nc6 40. Rd7+ Kg6 41. Rd5 Nb4 1/2-1/2

[Event "Kalamazoo op07"]
[Site "Kalamazoo"]
[Date "2000.07.29"]
[Round "3"]
[White "Armstead, Curt"]
[Black "Herndon, Robert"]
[Result "1-0"]
[WhiteElo "1847"]
[BlackElo "1791"]
[PlyCount "65"]
[EventDate "2000.07.29"]
[EventType "swiss"]
[EventRounds "5"]
[EventCountry "USA"]
[SourceTitle "EXT 2007"]
[Source "ChessBase"]
[SourceDate "2006.11.23"]
[SourceVersion "1"]
[SourceVersionDate "2006.11.23"]
[SourceQuality "1"]

1. d4 Nf6 2. c4 e6 3. g3 d5 4. Bg2 Be7 5. Nf3 0-0 6. 0-0 c5 7. cxd5 Nxd5 8. e4 Nf6 9. Nc3 cxd4 10. Nxd4 e5 11. Nf3 Nc6 12. Be3 Bg4 13. h3 Bxf3 14. Bxf3 Nd4 15. Bg2 Qd6 16. Nd5 Nxd5 17. exd5 Bf6 18. Rc1 Rac8 19. Qg4 Rc2 20. Rxc2 Nxc2 21. Rc1 Nxe3 22. fxe3 Qb6 23. Qe2 Re8 24. b3 g6 25. h4 Be7 26. Kh1 Bc5 27. e4 Re7 28. Rf1 Rc7 29. Qf3 Ba3 30. Bh3 Rc1 31. Qxf7+ Kh8 32. Rxc1 Qd8 33. Rc8 1-0